[Event "Ostrava Seniors op"]
[Site "Ostrava"]
[Date "2014.04.29"]
[Round "4"]
[White "Jaros, Bohumil"]
[Black "Linart, Ludvik"]
[Result "1/2-1/2"]
[WhiteElo "2000"]
[BlackElo "1609"]
[PlyCount "86"]
[EventDate "2014.04.26"]
[EventType "swiss"]
[EventRounds "9"]
[EventCountry "CZE"]
[SourceTitle "CBM 160 Extra"]
[Source "ChessBase"]
[SourceDate "2014.07.01"]
[SourceVersion "1"]
[SourceVersionDate "2014.07.01"]
[SourceQuality "1"]

1. e4 c5 2. g3 Nc6 3. c3 e5 4. Bg2 d6 5. Ne2 Qc7 6. Na3 a6 7. h3 Nf6 8. 0-0 Be7 9. Nc2 0-0 10. Kh2 Be6 11. d3 Rfd8 12. c4 Rac8 13. f4 b6 14. Qe1 Bd7 15. Qf2 Be8 16. Bd2 Nd4 17. Ne3 b5 18. Nc3 Bc6 19. fxe5 dxe5 20. Ncd5 Bxd5 21. Nxd5 Qd6 22. Bg5 bxc4 23. Bxf6 Bxf6 24. dxc4 Rc6 25. Rad1 Qf8 26. Rd2 Bg5 27. Rd3 Rd7 28. Bf3 Bd8 29. Bd1 Rb7 30. b3 Rg6 31. Bh5 Rd6 32. Bf3 g6 33. Bg2 Kg7 34. Nc3 Rf6 35. Qe3 Rxf1 36. Bxf1 h6 37. Bg2 Rd7 38. Qf2 Rb7 39. Rd1 f6 40. Qb2 Qf7 41. Nd5 Qf8 42. Qa3 Qd6 43. Qb2 Rf7 1/2-1/2

[Event "Ostrava op"]
[Site "Ostrava"]
[Date "2009.05.07"]
[Round "6"]
[White "Melzer, Petr"]
[Black "Jaros, Bohumil"]
[Result "0-1"]
[WhiteElo "1710"]
[BlackElo "1935"]
[PlyCount "123"]
[EventDate "2009.05.02"]
[EventType "swiss"]
[EventRounds "9"]
[EventCountry "CZE"]
[SourceTitle "EXT 2011"]
[Source "ChessBase"]
[SourceDate "2010.11.26"]
[SourceVersion "1"]
[SourceVersionDate "2010.11.26"]
[SourceQuality "1"]

1. d4 d5 2. c4 e6 3. a3 Nf6 4. Nc3 b6 5. cxd5 Nxd5 6. Nf3 Bb7 7. e3 Nxc3 8. bxc3 Bd6 9. Qa4+ Nd7 10. Bb5 a6 11. Bxd7+ Qxd7 12. Qxd7+ Kxd7 13. Bb2 f6 14. Ke2 Rac8 15. Rac1 Ke7 16. c4 c5 17. g3 g5 18. h3 Rhg8 19. Rhg1 Rg6 20. Nd2 Rh6 21. h4 gxh4 22. gxh4 Kf7 23. Rg4 f5 24. Rgg1 Bh2 25. Rg5 Rg8 26. Nf3 Bc7 27. Rxg8 Bxf3+ 28. Kxf3 Kxg8 29. Rg1+ Rg6 30. Rxg6+ hxg6 31. dxc5 bxc5 32. Bf6 Kf7 33. Bg5 Ke8 34. e4 e5 35. exf5 gxf5 36. Ke3 Kf7 37. Kf3 Bd6 38. Kg3 Be7 39. Bd2 Kg6 40. f4 e4 41. Be3 Kh5 42. Kh3 Kg6 43. Kg3 Bf8 44. Kh3 Kf6 45. Kg3 Ke6 46. a4 Kd6 47. Kf2 Kc6 48. Bd2 Bg7 49. a5 Bd4+ 50. Ke2 Kd6 51. Be1 Ke6 52. Kf1 Be3 53. Bg3 Kf6 54. Ke2 Bd4 55. Be1 Kg6 56. Kf1 Kh5 57. Kg2 Kg4 58. Bg3 e3 59. h5 Bg7 60. Bh2 Bh6 61. Bg3 Bg7 62. Bh2 0-1

[Event "Ostrava op"]
[Site "Ostrava"]
[Date "2009.05.05"]
[Round "4"]
[White "Omasta, Dusan"]
[Black "Jaros, Bohumil"]
[Result "1-0"]
[WhiteElo "1755"]
[BlackElo "1935"]
[PlyCount "77"]
[EventDate "2009.05.02"]
[EventType "swiss"]
[EventRounds "9"]
[EventCountry "CZE"]
[SourceTitle "EXT 2011"]
[Source "ChessBase"]
[SourceDate "2010.11.26"]
[SourceVersion "1"]
[SourceVersionDate "2010.11.26"]
[SourceQuality "1"]

1. c4 e5 2. Nc3 Nf6 3. g3 Bc5 4. e3 Nc6 5. Bg2 d6 6. a3 a5 7. Nge2 Bg4 8. 0-0 Qd7 9. Nd5 Nxd5 10. cxd5 Ne7 11. f3 Bf5 12. Kh1 Bd3 13. f4 e4 14. Rf2 Nxd5 15. Qb3 c6 16. Nc3 Nxc3 17. Qxc3 Qg4 18. Bf3 Qg6 19. Bg2 h5 20. Bh3 f5 21. b4 Bb6 22. Bb2 0-0 23. Rg2 Bd8 24. Rag1 Bf6 25. Qc1 axb4 26. axb4 Ra2 27. Bc3 Rfa8 28. g4 hxg4 29. Bxg4 fxg4 30. Rxg4 Qf7 31. Rg6 Kf8 32. Bxf6 gxf6 33. Qc3 Ke8 34. Rg7 Be2 35. Rxf7 Kxf7 36. h3 Bf3+ 37. Kh2 R8a3 38. Qd4 Rd3 39. Qc4+ 1-0

[Event "Ostrava op"]
[Site "Ostrava"]
[Date "2009.05.02"]
[Round "1"]
[White "Jaros, Bohumil"]
[Black "Heric, Milan"]
[Result "1-0"]
[WhiteElo "1935"]
[BlackElo "1690"]
[PlyCount "85"]
[EventDate "2009.05.02"]
[EventType "swiss"]
[EventRounds "9"]
[EventCountry "CZE"]
[SourceTitle "EXT 2011"]
[Source "ChessBase"]
[SourceDate "2010.11.26"]
[SourceVersion "1"]
[SourceVersionDate "2010.11.26"]
[SourceQuality "1"]

1. e4 c5 2. g3 e6 3. Bg2 Nc6 4. Ne2 Be7 5. c3 d6 6. 0-0 Bf6 7. d4 cxd4 8. cxd4 Nge7 9. Be3 0-0 10. Nbc3 Re8 11. a3 a6 12. Qd3 g6 13. b4 b5 14. Rad1 d5 15. Nf4 dxe4 16. Nxe4 Bg7 17. Nc5 Qc7 18. Rc1 Rd8 19. Ne2 Bxd4 20. Nxd4 e5 21. Ncb3 exd4 22. Bg5 Bf5 23. Qd1 Qd6 24. Bxc6 Nxc6 25. Bxd8 Rxd8 26. Nc5 Bh3 27. Re1 Qd5 28. f3 Ne5 29. Ne4 Kg7 30. Rc5 Qa2 31. Nf2 f6 32. Nxh3 Qxa3 33. Rc7+ Kh8 34. Kg2 Qxb4 35. Nf2 Qd6 36. Rc1 a5 37. Ne4 Qb6 38. Qd2 g5 39. Nxg5 Nc4 40. Rxc4 bxc4 41. Nf7+ Kg8 42. Nxd8 Qxd8 43. Re4 1-0

[Event "CZE-chT2f 0506"]
[Site "Czech Republic"]
[Date "2005.11.20"]
[Round "3.7"]
[White "Keprt, Pavel"]
[Black "Jaros, Bohumil"]
[Result "1/2-1/2"]
[WhiteElo "2114"]
[BlackElo "2049"]
[PlyCount "29"]
[EventDate "2005.10.16"]
[EventType "team"]
[EventRounds "11"]
[EventCountry "CZE"]
[SourceTitle "EXT 2009"]
[Source "ChessBase"]
[SourceDate "2008.11.26"]
[SourceVersion "1"]
[SourceVersionDate "2008.11.26"]
[SourceQuality "1"]

1. e4 c6 2. d4 d5 3. e5 Bf5 4. Nc3 e6 5. g4 Bg6 6. Be3 Bb4 7. Nge2 Nd7 8. a3 Ba5 9. Qd2 h5 10. b4 Bb6 11. Nf4 Ne7 12. Nxg6 Nxg6 13. Bg5 f6 14. exf6 gxf6 15. gxh5 1/2-1/2

[Event "IPCA World Cup"]
[Site "Hrabyne"]
[Date "2003.08.06"]
[Round "7"]
[White "Novak, Bohdan"]
[Black "Jaros, Bohumil"]
[Result "1-0"]
[WhiteElo "1934"]
[BlackElo "2084"]
[PlyCount "113"]
[EventDate "2003.08.01"]
[EventType "swiss"]
[EventRounds "9"]
[EventCountry "CZE"]
[SourceTitle "CBM 095 Extra"]
[Source "ChessBase"]
[SourceDate "2003.09.04"]
[SourceVersion "1"]
[SourceVersionDate "2003.09.04"]
[SourceQuality "1"]

1. c4 Nf6 2. Nc3 d6 3. Nf3 e5 4. d3 c6 5. g3 Bg4 6. Bg2 Nbd7 7. Bd2 Be7 8. 0-0 h6 9. b4 0-0 10. a3 Nh7 11. Rc1 f5 12. Qb3 Kh8 13. e3 Qe8 14. h3 Bh5 15. Rce1 Qf7 16. Ne2 g5 17. Bc3 Kg8 18. Qb2 g4 19. Nh4 Ng5 20. f4 gxh3 21. Bh1 Bxe2 22. Qxe2 Ne6 23. Nf3 Qg6 24. Kh2 Bf6 25. Rg1 Kf7 26. Nh4 Bxh4 27. gxh4 Qh7 28. Qh5+ Ke7 29. Rg6 Rf6 30. Reg1 Raf8 31. b5 Rxg6 32. Qxg6 Qxg6 33. Rxg6 cxb5 34. fxe5 Nxe5 35. Bxe5 dxe5 36. cxb5 b6 37. Rxh6 Nc5 38. d4 exd4 39. exd4 Ne4 40. Rh7+ Ke6 41. Bxe4 fxe4 42. Rh5 Rf3 43. Re5+ Kf6 44. Rxe4 Rxa3 45. Rg4 Rd3 46. h5 Re3 47. h6 Re7 48. Kxh3 Rh7 49. Rh4 Kf5 50. Kg3 Kg6 51. Kf4 Rf7+ 52. Ke5 Rf5+ 53. Ke4 Rf8 54. h7 Rh8 55. Ke5 Kf7 56. Kd6 Kf6 57. d5 1-0

[Event "IPCA World Cup"]
[Site "Hrabyne"]
[Date "2003.08.04"]
[Round "4"]
[White "Jaros, Bohumil"]
[Black "Cempel, Jaroslav"]
[Result "0-1"]
[WhiteElo "2084"]
[BlackElo "2239"]
[PlyCount "96"]
[EventDate "2003.08.01"]
[EventType "swiss"]
[EventRounds "9"]
[EventCountry "CZE"]
[SourceTitle "CBM 095 Extra"]
[Source "ChessBase"]
[SourceDate "2003.09.04"]
[SourceVersion "1"]
[SourceVersionDate "2003.09.04"]
[SourceQuality "1"]

1. e4 d5 2. exd5 Qxd5 3. Nf3 Nf6 4. Nc3 Qd6 5. d4 c6 6. h3 Bf5 7. Bd3 Bxd3 8. Qxd3 e6 9. Ne4 Nxe4 10. Qxe4 Nd7 11. c3 Be7 12. Bf4 Qd5 13. Qxd5 cxd5 14. 0-0 0-0 15. Rfe1 Rfe8 16. Rac1 b5 17. a3 a5 18. Ra1 Nb6 19. Ne5 Nc4 20. Nd3 g5 21. Bc1 h6 22. f3 Kg7 23. b3 Nd6 24. Bb2 Nf5 25. g4 Nh4 26. Kf2 Ng6 27. b4 Bd6 28. Red1 Rh8 29. Rh1 h5 30. Bc1 hxg4 31. fxg4 f6 32. Kg2 axb4 33. cxb4 e5 34. dxe5 Nxe5 35. Nxe5 Bxe5 36. Ra2 Rac8 37. Bd2 Rc4 38. Rf1 Re4 39. Re1 Rc4 40. Bxg5 Rxg4+ 41. hxg4 Rh2+ 42. Kf3 Rxa2 43. Bc1 Rc2 44. Rd1 Rc3+ 45. Kf2 d4 46. g5 f5 47. Ke2 Kg6 48. Bb2 Rc2+ 0-1

[Event "Ostrava op-A"]
[Site "Ostrava"]
[Date "2003.05.08"]
[Round "7"]
[White "Jaros, Bohumil"]
[Black "Pokorny, Petr"]
[Result "0-1"]
[WhiteElo "1917"]
[BlackElo "2260"]
[PlyCount "118"]
[EventDate "2003.05.03"]
[EventType "swiss"]
[EventRounds "10"]
[EventCountry "CZE"]
[SourceTitle "EXT 2006"]
[Source "ChessBase"]
[SourceDate "2005.11.24"]
[SourceVersion "1"]
[SourceVersionDate "2005.11.24"]
[SourceQuality "1"]

1. e4 e5 2. Nf3 Nf6 3. Nc3 Nc6 4. d3 Bc5 5. Be2 a6 6. a4 d6 7. Bg5 h6 8. Bh4 Be6 9. Nd5 g5 10. Nxf6+ Qxf6 11. Bg3 g4 12. Bh4 Qg7 13. Nd2 Ne7 14. Bxe7 Kxe7 15. Nf1 Qf6 16. Ne3 Bxe3 17. fxe3 Rag8 18. Qd2 Kd8 19. g3 h5 20. 0-0-0 h4 21. Rdf1 Qg6 22. Qe1 hxg3 23. hxg3 Rh3 24. Qf2 Qh6 25. Rxh3 gxh3 26. Kd2 Kc8 27. Rg1 Kb8 28. Qh2 c6 29. g4 Qh4 30. Rg3 Rh8 31. Bf3 Ka7 32. Kc1 Qh6 33. Be2 Qh4 34. Bf3 d5 35. exd5 Bxd5 36. e4 Be6 37. b3 Qg5+ 38. Kb2 Qf4 39. Be2 Ka8 40. Bf3 Rh4 41. Bd1 f6 42. Bf3 a5 43. Bd1 Kb8 44. Bf3 Kc7 45. Bd1 Rh8 46. Bf3 b5 47. axb5 cxb5 48. Bd1 a4 49. c4 a3+ 50. Kb1 a2+ 51. Qxa2 Qxg3 52. Qa7+ Kd8 53. Qb6+ Ke7 54. Qc7+ Bd7 55. Qc5+ Kf7 56. Qd5+ Be6 57. Qb7+ Kg6 58. Qe7 Qxd3+ 59. Bc2 Qd7 0-1

[Event "Ostrava op-A"]
[Site "Ostrava"]
[Date "2003.05.05"]
[Round "4"]
[White "Jaros, Bohumil"]
[Black "Gil, Karel"]
[Result "1-0"]
[WhiteElo "1917"]
[BlackElo "2137"]
[PlyCount "117"]
[EventDate "2003.05.03"]
[EventType "swiss"]
[EventRounds "10"]
[EventCountry "CZE"]
[SourceTitle "EXT 2006"]
[Source "ChessBase"]
[SourceDate "2005.11.24"]
[SourceVersion "1"]
[SourceVersionDate "2005.11.24"]
[SourceQuality "1"]

1. e4 c5 2. Nf3 d6 3. Bb5+ Nc6 4. Bxc6+ bxc6 5. 0-0 e6 6. b3 Ba6 7. Re1 Be7 8. Bb2 e5 9. d3 Nf6 10. Nbd2 0-0 11. Nf1 Bc8 12. h3 g6 13. Bc1 Nh5 14. g4 Nf4 15. Bxf4 exf4 16. Qd2 g5 17. d4 h5 18. N1h2 Bd7 19. Kh1 h4 20. dxc5 dxc5 21. Rad1 Be6 22. Qxd8 Bxd8 23. Ne5 Bf6 24. Nd7 Bxd7 25. Rxd7 Bd4 26. Kg2 Rfd8 27. Rxd8+ Rxd8 28. Rd1 Bf6 29. Rxd8+ Bxd8 30. Kf3 f6 31. Ke2 c4 32. bxc4 Kf7 33. Kd3 Bb6 34. f3 Ke6 35. Nf1 Ba5 36. c3 Bb6 37. Nd2 c5 38. Kc2 Kd6 39. Kb3 Ke6 40. Ka4 a6 41. Nb3 Kd6 42. Nc1 Ke6 43. Nd3 Kd6 44. Kb3 Ke6 45. Nb2 Kd6 46. Na4 Ba7 47. Nb2 Ke6 48. a4 Kd6 49. Nd3 Ke6 50. Kc2 Kd6 51. e5+ Ke6 52. exf6 Kxf6 53. Nf2 Kg6 54. Ne4 Bb6 55. Kd3 Ba7 56. Nd6 Bb8 57. Nb7 Ba7 58. Ke4 Kf6 59. Kd5 1-0

[Event "Ostrava op-A"]
[Site "Ostrava"]
[Date "2003.05.03"]
[Round "1"]
[White "Jaros, Bohumil"]
[Black "Blazkova, Petra"]
[Result "1/2-1/2"]
[WhiteElo "1917"]
[BlackElo "2218"]
[PlyCount "54"]
[EventDate "2003.05.03"]
[EventType "swiss"]
[EventRounds "10"]
[EventCountry "CZE"]
[SourceTitle "EXT 2006"]
[Source "ChessBase"]
[SourceDate "2005.11.24"]
[SourceVersion "1"]
[SourceVersionDate "2005.11.24"]
[SourceQuality "1"]

1. e4 c5 2. Nf3 d6 3. Bb5+ Bd7 4. Qe2 Bxb5 5. Qxb5+ Qd7 6. Qxd7+ Nxd7 7. 0-0 h6 8. Nc3 0-0-0 9. d4 g5 10. h3 Bg7 11. Be3 b6 12. a4 a6 13. Rab1 e6 14. b4 Ne7 15. bxc5 dxc5 16. Rb3 Nc6 17. dxc5 Na5 18. Ra3 Nxc5 19. Bxc5 bxc5 20. e5 Nc4 21. Rb3 Nxe5 22. Nxe5 Bxe5 23. Ne4 Rd5 24. Rb6 f5 25. c4 Rd4 26. Nxc5 Rxc4 27. Nxa6 Rxa4 1/2-1/2